Städte und Gemeinden des Hochtaunuskreises - Statistiken

Allgemein
  • Dieses Quiz wurde 48 mal gespielt
  • Das Durchschnittsergebnis liegt bei 9 aus 13
Antwortstatistiken
Stadt/Gemeinde Einwohner % Korrekt
Bad Homburg 54.996
97%
Oberursel (Taunus) 47.042
91%
Friedrichsdorf 25.662
82%
Kronberg im Taunus 18.416
82%
Usingen 14.926
82%
Königstein im Taunus 16.744
76%
Neu-Anspach 14.512
70%
Schmitten im Taunus 9.563
61%
Wehrheim 9.340
58%
Weilrod 6.652
52%
Grävenwiesbach 5.352
48%
Steinbach (Taunus) 10.486
48%
Glashütten 5.437
42%
Keine übereinstimmenden Quizze gefunden
Verteilung der Resultate
Anzahl Personen mit jedem Resultat
Perzentil nach korrekt beantworteten Fragen
Ihre Resultats-Entwicklung
Sie haben dieses Quiz noch nicht gespielt